[Event "MCR juniorek 2024"]
[Site "Jaromerice nad Rokytnou, Czech Republic"]
[Date "????.??.??"]
[Round "6.5"]
[White "Markina, Sofiia"]
[Black "Sulcova, Tereza Radmila"]
[Result "0-1"]
[WhiteFideId "23744014"]
[BlackFideId "395196"]
[WhiteElo "1857"]
[BlackElo "1835"]

1. e4 {[%clk 01:30:58]} {[%emt 00:00:02]} g6 {[%clk 01:30:49]} {[%emt
00:00:11]} 2. d4 {[%clk 01:31:20]} {[%emt 00:00:08]} Nf6 {[%clk 01:31:07]}
{[%emt 00:00:12]} 3. Nc3 {[%clk 01:31:33]} {[%emt 00:00:17]} d5 {[%clk
01:31:27]} {[%emt 00:00:10]} 4. e5 {[%clk 01:29:16]} {[%emt 00:02:46]} Nh5
{[%clk 01:31:46]} {[%emt 00:00:11]} 5. Be2 {[%clk 01:26:10]} {[%emt 00:03:37]}
Ng7 {[%clk 01:32:03]} {[%emt 00:00:13]} 6. Bh6 {[%clk 01:23:19]} {[%emt
00:03:20]} c6 {[%clk 01:30:51]} {[%emt 00:01:42]} 7. Nf3 {[%clk 01:19:30]}
{[%emt 00:04:20]} Nd7 {[%clk 01:23:10]} {[%emt 00:08:11]} 8. Bxg7 {[%clk
01:09:23]} {[%emt 00:10:36]} Bxg7 {[%clk 01:23:30]} {[%emt 00:00:11]} 9. e6
{[%clk 01:09:49]} {[%emt 00:00:04]} fxe6 {[%clk 01:23:50]} {[%emt 00:00:10]} 10.
Ng5 {[%clk 01:09:41]} {[%emt 00:00:37]} Nf6 {[%clk 01:23:35]} {[%emt 00:00:46]}
11. Bg4 {[%clk 01:07:08]} {[%emt 00:03:02]} Nxg4 {[%clk 01:19:19]} {[%emt
00:04:46]} 12. Qxg4 {[%clk 01:07:31]} {[%emt 00:00:07]} e5 {[%clk 01:19:01]}
{[%emt 00:00:49]} 13. Qg3 {[%clk 01:06:12]} {[%emt 00:01:48]} exd4 {[%clk
01:14:49]} {[%emt 00:04:42]} 14. Nd1 {[%clk 00:59:21]} {[%emt 00:07:21]} Qd6
{[%clk 01:02:47]} {[%emt 00:12:33]} 15. Qxd6 {[%clk 00:56:49]} {[%emt
00:03:02]} exd6 {[%clk 01:03:13]} {[%emt 00:00:04]} 16. O-O {[%clk 00:56:08]}
{[%emt 00:01:10]} Bf5 {[%clk 00:59:48]} {[%emt 00:03:55]} 17. c3 {[%clk
00:52:38]} {[%emt 00:04:01]} dxc3 {[%clk 00:51:13]} {[%emt 00:09:05]} 18. Nxc3
{[%clk 00:52:31]} {[%emt 00:00:37]} Kd7 {[%clk 00:50:32]} {[%emt 00:01:11]} 19.
h3 {[%clk 00:44:53]} {[%emt 00:08:07]} h6 {[%clk 00:49:14]} {[%emt 00:01:48]}
20. Nf3 {[%clk 00:45:11]} {[%emt 00:00:12]} Rhf8 {[%clk 00:49:08]} {[%emt
00:00:36]} 21. Nh4 {[%clk 00:45:10]} {[%emt 00:00:26]} g5 {[%clk 00:46:36]}
{[%emt 00:03:07]} 22. Nxf5 {[%clk 00:45:30]} {[%emt 00:00:11]} Rxf5 {[%clk
00:47:04]} {[%emt 00:00:02]} 23. Rae1 {[%clk 00:44:56]} {[%emt 00:01:02]} Re8
{[%clk 00:43:29]} {[%emt 00:04:07]} 24. Rxe8 {[%clk 00:44:32]} {[%emt
00:00:53]} Kxe8 {[%clk 00:43:54]} {[%emt 00:00:06]} 25. Re1+ {[%clk 00:44:23]}
{[%emt 00:00:39]} Re5 {[%clk 00:43:36]} {[%emt 00:00:47]} 26. Rxe5+ {[%clk
00:42:56]} {[%emt 00:01:58]} dxe5 {[%clk 00:43:40]} {[%emt 00:00:26]} 27. Kf1
{[%clk 00:43:11]} {[%emt 00:00:15]} Kd7 {[%clk 00:42:17]} {[%emt 00:01:53]} 28.
f3 {[%clk 00:43:03]} {[%emt 00:00:38]} e4 {[%clk 00:40:37]} {[%emt 00:02:09]}
29. Na4 {[%clk 00:41:49]} {[%emt 00:01:44]} exf3 {[%clk 00:40:16]} {[%emt
00:00:51]} 30. gxf3 {[%clk 00:41:34]} {[%emt 00:00:45]} b6 {[%clk 00:39:26]}
{[%emt 00:01:20]} 31. Nc3 {[%clk 00:41:45]} {[%emt 00:00:19]} Kd6 {[%clk
00:37:29]} {[%emt 00:02:26]} 32. Ke2 {[%clk 00:41:55]} {[%emt 00:00:21]} a6
{[%clk 00:37:22]} {[%emt 00:00:37]} 33. Kd3 {[%clk 00:40:19]} {[%emt 00:02:06]}
c5 {[%clk 00:36:55]} {[%emt 00:00:57]} 34. a3 {[%clk 00:38:35]} {[%emt
00:02:14]} b5 {[%clk 00:36:30]} {[%emt 00:00:55]} 35. Kc2 {[%clk 00:37:27]}
{[%emt 00:01:38]} Bxc3 {[%clk 00:36:06]} {[%emt 00:00:54]} 36. Kxc3 {[%clk
00:36:59]} {[%emt 00:00:58]} Ke5 {[%clk 00:36:27]} {[%emt 00:00:10]} 0-1

[Event "MCR juniorek 2024"]
[Site "Jaromerice nad Rokytnou, Czech Republic"]
[Date "????.??.??"]
[Round "7.2"]
[White "Jakubse, Tamae Severina"]
[Black "Markina, Sofiia"]
[Result "1-0"]
[WhiteFideId "23745975"]
[BlackFideId "23744014"]
[WhiteElo "1861"]
[BlackElo "1857"]

1. e4 {[%clk 01:30:58]} {[%emt 00:00:02]} c5 {[%clk 01:30:56]} {[%emt
00:00:05]} 2. c3 {[%clk 01:31:23]} {[%emt 00:00:04]} d5 {[%clk 01:31:17]}
{[%emt 00:00:09]} 3. exd5 {[%clk 01:31:47]} {[%emt 00:00:06]} Qxd5 {[%clk
01:31:43]} {[%emt 00:00:04]} 4. d4 {[%clk 01:32:11]} {[%emt 00:00:06]} g6
{[%clk 01:31:50]} {[%emt 00:00:23]} 5. Nf3 {[%clk 01:32:18]} {[%emt 00:00:22]}
Bg7 {[%clk 01:32:11]} {[%emt 00:00:10]} 6. Na3 {[%clk 01:32:31]} {[%emt
00:00:17]} Nf6 {[%clk 01:31:46]} {[%emt 00:00:55]} 7. Be3 {[%clk 01:23:24]}
{[%emt 00:09:37]} cxd4 {[%clk 01:27:43]} {[%emt 00:04:33]} 8. Bc4 {[%clk
01:18:08]} {[%emt 00:05:45]} Qd8 {[%clk 01:21:25]} {[%emt 00:06:37]} 9. Nxd4
{[%clk 01:16:32]} {[%emt 00:02:17]} O-O {[%clk 01:21:19]} {[%emt 00:00:37]} 10.
h3 {[%clk 01:12:36]} {[%emt 00:04:26]} a6 {[%clk 01:20:45]} {[%emt 00:01:05]}
11. O-O {[%clk 01:10:58]} {[%emt 00:02:06]} Bd7 {[%clk 01:13:05]} {[%emt
00:08:11]} 12. Qe2 {[%clk 01:04:29]} {[%emt 00:06:58]} Nc6 {[%clk 01:13:00]}
{[%emt 00:00:35]} 13. Nxc6 {[%clk 00:55:39]} {[%emt 00:09:20]} Bxc6 {[%clk
01:13:24]} {[%emt 00:00:07]} 14. Nc2 {[%clk 00:55:08]} {[%emt 00:01:01]} b5
{[%clk 01:11:49]} {[%emt 00:02:04]} 15. Bb3 {[%clk 00:54:40]} {[%emt 00:00:59]}
e5 {[%clk 01:01:16]} {[%emt 00:11:03]} 16. Nb4 {[%clk 00:49:18]} {[%emt
00:05:52]} Bb7 {[%clk 00:56:48]} {[%emt 00:04:58]} 17. a4 {[%clk 00:46:42]}
{[%emt 00:03:06]} a5 {[%clk 00:51:08]} {[%emt 00:06:10]} 18. Nd3 {[%clk
00:44:21]} {[%emt 00:02:50]} bxa4 {[%clk 00:49:09]} {[%emt 00:02:30]} 19. Rxa4
{[%clk 00:43:39]} {[%emt 00:01:12]} Ba6 {[%clk 00:47:28]} {[%emt 00:02:11]} 20.
c4 {[%clk 00:44:01]} {[%emt 00:00:09]} Nd7 {[%clk 00:38:12]} {[%emt 00:09:45]}
21. Nc5 {[%clk 00:40:36]} {[%emt 00:03:54]} Nxc5 {[%clk 00:37:17]} {[%emt
00:01:26]} 22. Bxc5 {[%clk 00:41:03]} {[%emt 00:00:02]} Re8 {[%clk 00:37:28]}
{[%emt 00:00:19]} 23. Rd1 {[%clk 00:40:31]} {[%emt 00:01:02]} Qg5 {[%clk
00:37:31]} {[%emt 00:00:28]} 24. Be3 {[%clk 00:37:35]} {[%emt 00:03:25]} Qe7
{[%clk 00:31:18]} {[%emt 00:06:43]} 25. Qc2 {[%clk 00:36:36]} {[%emt 00:01:29]}
Bb7 {[%clk 00:28:02]} {[%emt 00:03:35]} 26. c5 {[%clk 00:34:39]} {[%emt
00:02:39]} Bc6 {[%clk 00:24:41]} {[%emt 00:03:51]} 27. Raa1 {[%clk 00:34:16]}
{[%emt 00:00:52]} Qb7 {[%clk 00:23:21]} {[%emt 00:01:51]} 28. Ba4 {[%clk
00:26:29]} {[%emt 00:08:17]} Bxa4 {[%clk 00:23:08]} {[%emt 00:00:43]} 29. Rxa4
{[%clk 00:25:53]} {[%emt 00:01:06]} Qc7 {[%clk 00:18:00]} {[%emt 00:05:38]} 30.
Rda1 {[%clk 00:20:00]} {[%emt 00:06:22]} e4 {[%clk 00:16:03]} {[%emt 00:02:28]}
31. Rxe4 {[%clk 00:16:51]} {[%emt 00:03:38]} Rxe4 {[%clk 00:14:51]} {[%emt
00:01:43]} 32. Qxe4 {[%clk 00:17:19]} {[%emt 00:00:02]} Rd8 {[%clk 00:13:47]}
{[%emt 00:01:33]} 33. Rb1 {[%clk 00:14:04]} {[%emt 00:03:46]} Kh8 {[%clk
00:05:38]} {[%emt 00:08:39]} 34. g3 {[%clk 00:12:02]} {[%emt 00:02:32]} Qc8
{[%clk 00:05:05]} {[%emt 00:01:03]} 35. Kg2 {[%clk 00:11:58]} {[%emt 00:00:33]}
Re8 {[%clk 00:03:18]} {[%emt 00:02:17]} 36. Qa4 {[%clk 00:09:35]} {[%emt
00:02:54]} Qa8+ {[%clk 00:02:34]} {[%emt 00:01:14]} 37. Kh2 {[%clk 00:09:23]}
{[%emt 00:00:40]} Qd8 {[%clk 00:01:39]} {[%emt 00:01:27]} 38. Rd1 {[%clk
00:09:07]} {[%emt 00:00:45]} Qa8 {[%clk 00:01:11]} {[%emt 00:00:59]} 39. Qd7
{[%clk 00:04:47]} {[%emt 00:04:49]} Kg8 {[%clk 00:01:02]} {[%emt 00:00:39]} 40.
c6 {[%clk 00:03:42]} {[%emt 00:01:35]} Bxb2 {[%clk 00:00:54]} {[%emt 00:00:38]}
41. c7 {[%clk 00:02:16]} {[%emt 00:01:56]} Bf6 {[%clk 00:00:33]} {[%emt
00:00:52]} 42. Bd4 {[%clk 00:29:06]} {[%emt 00:03:39]} Bxd4 {[%clk 00:25:09]}
{[%emt 00:05:55]} 43. Rxd4 {[%clk 00:29:04]} {[%emt 00:00:31]} Kg7 {[%clk
00:24:59]} {[%emt 00:00:40]} 44. Rf4 {[%clk 00:25:18]} {[%emt 00:04:17]} 1-0

[Event "MCR juniorek 2024"]
[Site "Jaromerice nad Rokytnou, Czech Republic"]
[Date "????.??.??"]
[Round "8.4"]
[White "Markina, Sofiia"]
[Black "Nespora, Tatana"]
[Result "1-0"]
[WhiteClock "00:30:40"]
[BlackClock "00:55:18"]
[WhiteFideId "23744014"]
[BlackFideId "392286"]
[WhiteElo "1857"]
[BlackElo "1839"]

1. e4 {[%clk 01:30:58]} {[%emt 00:00:02]} e5 {[%clk 01:30:48]} {[%emt
00:00:13]} 2. Nf3 {[%clk 01:31:16]} {[%emt 00:00:11]} Nc6 {[%clk 01:30:58]}
{[%emt 00:00:19]} 3. Bc4 {[%clk 01:31:24]} {[%emt 00:00:22]} Nf6 {[%clk
01:30:56]} {[%emt 00:00:32]} 4. d3 {[%clk 01:31:41]} {[%emt 00:00:15]} Bc5
{[%clk 01:30:50]} {[%emt 00:00:35]} 5. c3 {[%clk 01:31:52]} {[%emt 00:00:19]}
a6 {[%clk 01:29:36]} {[%emt 00:01:44]} 6. Bb3 {[%clk 01:32:08]} {[%emt
00:00:14]} Ba7 {[%clk 01:29:29]} {[%emt 00:00:37]} 7. O-O {[%clk 01:32:19]}
{[%emt 00:00:19]} d6 {[%clk 01:29:39]} {[%emt 00:00:20]} 8. Nbd2 {[%clk
01:32:12]} {[%emt 00:00:37]} h6 {[%clk 01:29:15]} {[%emt 00:00:54]} 9. Re1
{[%clk 01:30:42]} {[%emt 00:02:00]} g5 {[%clk 01:27:34]} {[%emt 00:02:12]} 10.
Nf1 {[%clk 01:28:50]} {[%emt 00:02:21]} Bg4 {[%clk 01:21:30]} {[%emt 00:06:33]}
11. Be3 {[%clk 01:26:37]} {[%emt 00:02:43]} Qd7 {[%clk 01:14:51]} {[%emt
00:07:10]} 12. Bxa7 {[%clk 01:26:30]} {[%emt 00:00:38]} Nxa7 {[%clk 01:15:12]}
{[%emt 00:00:08]} 13. Ne3 {[%clk 01:25:41]} {[%emt 00:01:19]} O-O-O {[%clk
01:13:49]} {[%emt 00:01:52]} 14. a4 {[%clk 01:22:18]} {[%emt 00:03:54]} Rdg8
{[%clk 01:11:10]} {[%emt 00:03:08]} 15. Bc4 {[%clk 01:16:54]} {[%emt 00:05:55]}
Be6 {[%clk 01:06:49]} {[%emt 00:04:51]} 16. b4 {[%clk 01:14:40]} {[%emt
00:02:44]} h5 {[%clk 01:04:50]} {[%emt 00:02:29]} 17. b5 {[%clk 01:06:43]}
{[%emt 00:08:27]} a5 {[%clk 01:03:11]} {[%emt 00:02:09]} 18. b6 {[%clk
01:01:56]} {[%emt 00:05:17]} Nc6 {[%clk 01:02:28]} {[%emt 00:01:13]} 19. Qb3
{[%clk 00:50:17]} {[%emt 00:12:09]} cxb6 {[%clk 00:59:42]} {[%emt 00:03:16]} 20.
Qxb6 {[%clk 00:50:36]} {[%emt 00:00:11]} Qc7 {[%clk 00:59:51]} {[%emt
00:00:21]} 21. Qb3 {[%clk 00:50:06]} {[%emt 00:01:00]} Qd7 {[%clk 00:57:13]}
{[%emt 00:03:08]} 22. Rab1 {[%clk 00:47:03]} {[%emt 00:03:32]} h4 {[%clk
00:55:11]} {[%emt 00:02:33]} 23. Bxe6 {[%clk 00:47:15]} {[%emt 00:00:18]} fxe6
{[%clk 00:55:02]} {[%emt 00:00:37]} 24. Nc4 {[%clk 00:47:35]} {[%emt 00:00:12]}
Qe7 {[%clk 00:52:28]} {[%emt 00:03:04]} 25. d4 {[%clk 00:41:38]} {[%emt
00:06:27]} g4 {[%clk 00:47:01]} {[%emt 00:05:57]} 26. Nfd2 {[%clk 00:42:01]}
{[%emt 00:00:06]} g3 {[%clk 00:43:09]} {[%emt 00:04:22]} 27. Nf3 {[%clk
00:31:08]} {[%emt 00:11:24]} Ng4 {[%clk 00:39:31]} {[%emt 00:04:07]} 28. fxg3
{[%clk 00:29:12]} {[%emt 00:02:27]} hxg3 {[%clk 00:34:10]} {[%emt 00:05:51]} 29.
h3 {[%clk 00:26:38]} {[%emt 00:03:04]} Nh2 {[%clk 00:26:18]} {[%emt 00:08:22]}
30. Nxh2 {[%clk 00:14:48]} {[%emt 00:12:20]} gxh2+ {[%clk 00:26:30]} {[%emt
00:00:17]} 31. Kxh2 {[%clk 00:15:12]} {[%emt 00:00:07]} exd4 {[%clk 00:24:25]}
{[%emt 00:02:35]} 32. cxd4 {[%clk 00:14:30]} {[%emt 00:01:12]} Nxd4 {[%clk
00:24:10]} {[%emt 00:00:44]} 33. Qc3 {[%clk 00:13:54]} {[%emt 00:01:06]} Nc6
{[%clk 00:22:33]} {[%emt 00:02:07]} 34. Rb2 {[%clk 00:11:32]} {[%emt 00:02:51]}
Qg7 {[%clk 00:21:52]} {[%emt 00:01:12]} 35. Nxd6+ {[%clk 00:11:53]} {[%emt
00:00:10]} Kd8 {[%clk 00:22:00]} {[%emt 00:00:21]} 36. Nxb7+ {[%clk 00:12:01]}
{[%emt 00:00:22]} Kc7 {[%clk 00:22:19]} {[%emt 00:00:11]} 37. Qxg7+ {[%clk
00:10:56]} {[%emt 00:01:35]} Rxg7 {[%clk 00:22:46]} {[%emt 00:00:03]} 38. Nc5
{[%clk 00:11:12]} {[%emt 00:00:14]} Rg6 {[%clk 00:22:56]} {[%emt 00:00:20]} 39.
e5 {[%clk 00:09:50]} {[%emt 00:01:53]} Rhg8 {[%clk 00:23:00]} {[%emt 00:00:25]}
40. Na6+ {[%clk 00:09:46]} {[%emt 00:00:34]} Kd7 {[%clk 00:22:27]} {[%emt
00:01:04]} 41. Nc5+ {[%clk 00:07:30]} {[%emt 00:02:46]} Ke7 {[%clk 00:22:24]}
{[%emt 00:00:33]} 42. Rb7+ {[%clk 00:06:44]} {[%emt 00:01:16]} Ke8 {[%clk
00:22:24]} {[%emt 00:00:29]} 43. g4 {[%clk 00:06:50]} {[%emt 00:00:24]} Nd4
{[%clk 00:22:43]} {[%emt 00:00:12]} 44. Re3 {[%clk 00:04:31]} {[%emt 00:02:48]}
R8g7 {[%clk 00:22:45]} {[%emt 00:00:28]} 45. Rxg7 {[%clk 00:04:33]} {[%emt
00:00:28]} Rxg7 {[%clk 00:23:13]} {[%emt 00:00:02]} 46. Rd3 {[%clk 00:04:25]}
{[%emt 00:00:35]} Rc7 {[%clk 00:22:56]} {[%emt 00:00:51]} 47. Rxd4 {[%clk
00:03:53]} {[%emt 00:01:02]} Rxc5 {[%clk 00:23:24]} {[%emt 00:00:02]} 48. Re4
{[%clk 00:04:05]} {[%emt 00:00:17]} Kf7 {[%clk 00:23:08]} {[%emt 00:00:46]} 49.
Kg3 {[%clk 00:04:01]} {[%emt 00:00:34]} Kg6 {[%clk 00:23:35]} {[%emt 00:00:04]}
50. Kf4 {[%clk 00:01:53]} {[%emt 00:02:36]} Rc1 {[%clk 00:23:14]} {[%emt
00:00:52]} 51. h4 {[%clk 00:01:47]} {[%emt 00:00:36]} Rf1+ {[%clk 00:23:34]}
{[%emt 00:00:10]} 52. Kg3 {[%clk 00:01:53]} {[%emt 00:00:21]} Rh1 {[%clk
00:23:54]} {[%emt 00:00:13]} 53. Rf4 {[%clk 00:01:42]} {[%emt 00:00:40]} Ra1
{[%clk 00:24:01]} {[%emt 00:00:24]} 54. Rf6+ {[%clk 00:01:41]} {[%emt
00:00:31]} Kg7 {[%clk 00:24:25]} {[%emt 00:00:06]} 55. Rxe6 {[%clk 00:02:03]}
{[%emt 00:00:08]} Rxa4 {[%clk 00:24:46]} {[%emt 00:00:10]} 56. h5 {[%clk
00:01:58]} {[%emt 00:00:35]} Re4 {[%clk 00:24:56]} {[%emt 00:00:20]} 57. Kf3
{[%clk 00:01:45]} {[%emt 00:00:42]} Re1 {[%clk 00:25:13]} {[%emt 00:00:13]} 58.
Kf4 {[%clk 00:01:58]} {[%emt 00:00:18]} Rf1+ {[%clk 00:25:28]} {[%emt
00:00:14]} 59. Kg5 {[%clk 00:02:18]} {[%emt 00:00:09]} a4 {[%clk 00:25:35]}
{[%emt 00:00:24]} 60. h6+ {[%clk 00:01:17]} {[%emt 00:01:31]} Kg8 {[%clk
00:25:06]} {[%emt 00:00:59]} 61. Ra6 {[%clk 00:29:59]} {[%emt 00:01:47]} Re1
{[%clk 00:55:23]} {[%emt 00:00:13]} 62. Kg6 {[%clk 00:30:16]} {[%emt 00:00:14]}
Kf8 {[%clk 00:55:04]} {[%emt 00:00:50]} 63. h7 {[%clk 00:30:20]} {[%emt
00:00:26]} Rh1 {[%clk 00:55:27]} {[%emt 00:00:06]} 64. Ra8+ {[%clk 00:30:40]}
{[%emt 00:00:10]} 1-0

[Event "MCR juniorek 2024"]
[Site "Jaromerice nad Rokytnou, Czech Republic"]
[Date "????.??.??"]
[Round "8.5"]
[White "Sulcova, Tereza Radmila"]
[Black "Jakubse, Tamae Severina"]
[Result "1-0"]
[WhiteFideId "395196"]
[BlackFideId "23745975"]
[WhiteElo "1835"]
[BlackElo "1861"]

1. e4 {[%clk 01:30:56]} {[%emt 00:00:02]} e5 {[%clk 01:30:59]} {[%emt
00:00:03]} 2. Nf3 {[%clk 01:31:10]} {[%emt 00:00:15]} Nc6 {[%clk 01:31:23]}
{[%emt 00:00:06]} 3. Bc4 {[%clk 01:31:30]} {[%emt 00:00:10]} Nf6 {[%clk
01:31:48]} {[%emt 00:00:06]} 4. Ng5 {[%clk 01:31:49]} {[%emt 00:00:10]} d5
{[%clk 01:32:12]} {[%emt 00:00:06]} 5. exd5 {[%clk 01:32:11]} {[%emt 00:00:09]}
Na5 {[%clk 01:32:38]} {[%emt 00:00:04]} 6. Bb5+ {[%clk 01:32:26]} {[%emt
00:00:14]} c6 {[%clk 01:33:04]} {[%emt 00:00:04]} 7. dxc6 {[%clk 01:32:42]}
{[%emt 00:00:14]} bxc6 {[%clk 01:33:32]} {[%emt 00:00:03]} 8. Qf3 {[%clk
01:33:00]} {[%emt 00:00:12]} h6 {[%clk 01:33:56]} {[%emt 00:00:05]} 9. Ne4
{[%clk 01:16:07]} {[%emt 00:17:23]} cxb5 {[%clk 01:34:19]} {[%emt 00:00:07]} 10.
Nxf6+ {[%clk 01:16:18]} {[%emt 00:00:19]} gxf6 {[%clk 01:34:45]} {[%emt
00:00:04]} 11. Qxa8 {[%clk 01:15:47]} {[%emt 00:01:01]} Qd7 {[%clk 01:35:00]}
{[%emt 00:00:15]} 12. Qf3 {[%clk 01:13:11]} {[%emt 00:03:06]} Nc6 {[%clk
01:29:54]} {[%emt 00:05:36]} 13. Nc3 {[%clk 01:00:39]} {[%emt 00:13:01]} Nd4
{[%clk 01:16:53]} {[%emt 00:13:32]} 14. Qxf6 {[%clk 00:43:21]} {[%emt
00:17:48]} Rg8 {[%clk 01:03:58]} {[%emt 00:13:25]} 15. Qxe5+ {[%clk 00:35:50]}
{[%emt 00:08:02]} Kd8 {[%clk 01:03:48]} {[%emt 00:00:38]} 16. Kd1 {[%clk
00:28:09]} {[%emt 00:08:12]} Rxg2 {[%clk 00:48:03]} {[%emt 00:16:15]} 17. Qf6+
{[%clk 00:23:49]} {[%emt 00:04:50]} Be7 {[%clk 00:45:04]} {[%emt 00:03:29]} 18.
Qh8+ {[%clk 00:23:43]} {[%emt 00:00:36]} Kc7 {[%clk 00:45:25]} {[%emt
00:00:09]} 19. Qxd4 {[%clk 00:23:14]} {[%emt 00:00:59]} Kc6 {[%emt 00:11:04]}
1-0

[Event "MCR juniorek 2024"]
[Site "Jaromerice nad Rokytnou, Czech Republic"]
[Date "????.??.??"]
[Round "9.1"]
[White "Jakubse, Tamae Severina"]
[Black "Trasakova, Adela"]
[Result "1/2-1/2"]
[WhiteFideId "23745975"]
[BlackFideId "398306"]
[WhiteElo "1861"]
[BlackElo "1935"]

1. e4 {[%clk 01:30:57]} {[%emt 00:00:02]} c6 {[%clk 01:30:59]} {[%emt
00:00:02]} 2. d4 {[%clk 01:31:26]} {[%emt 00:00:01]} d5 {[%clk 01:31:21]}
{[%emt 00:00:08]} 3. exd5 {[%clk 01:31:52]} {[%emt 00:00:04]} cxd5 {[%clk
01:31:47]} {[%emt 00:00:03]} 4. c4 {[%clk 01:32:17]} {[%emt 00:00:06]} Nf6
{[%clk 01:32:11]} {[%emt 00:00:05]} 5. Nc3 {[%clk 01:32:44]} {[%emt 00:00:04]}
Nc6 {[%clk 01:32:35]} {[%emt 00:00:06]} 6. Nf3 {[%clk 01:33:10]} {[%emt
00:00:04]} a6 {[%clk 01:32:49]} {[%emt 00:00:16]} 7. h3 {[%clk 01:30:23]}
{[%emt 00:03:16]} g6 {[%clk 01:26:23]} {[%emt 00:06:56]} 8. Be2 {[%clk
01:27:34]} {[%emt 00:03:20]} dxc4 {[%clk 01:20:22]} {[%emt 00:06:32]} 9. Bxc4
{[%clk 01:26:20]} {[%emt 00:01:43]} Na5 {[%clk 01:15:20]} {[%emt 00:05:32]} 10.
Be2 {[%clk 01:22:01]} {[%emt 00:04:49]} Bg7 {[%clk 01:13:48]} {[%emt 00:02:01]}
11. O-O {[%clk 01:20:31]} {[%emt 00:02:00]} O-O {[%clk 01:13:55]} {[%emt
00:00:24]} 12. Bf4 {[%clk 01:11:18]} {[%emt 00:09:42]} b5 {[%clk 01:07:48]}
{[%emt 00:06:38]} 13. b4 {[%clk 01:01:43]} {[%emt 00:10:04]} Nc6 {[%clk
01:04:34]} {[%emt 00:03:44]} 14. a4 {[%clk 00:58:40]} {[%emt 00:03:33]} Bb7
{[%clk 00:52:56]} {[%emt 00:12:08]} 15. Qd2 {[%clk 00:45:19]} {[%emt 00:13:51]}
Nxb4 {[%clk 00:48:20]} {[%emt 00:05:06]} 16. axb5 {[%clk 00:40:21]} {[%emt
00:05:27]} axb5 {[%clk 00:47:42]} {[%emt 00:01:09]} 17. Nxb5 {[%clk 00:39:44]}
{[%emt 00:01:07]} Nbd5 {[%clk 00:47:10]} {[%emt 00:01:03]} 18. Be5 {[%clk
00:37:40]} {[%emt 00:02:32]} Qd7 {[%clk 00:42:02]} {[%emt 00:05:39]} 19. Rac1
{[%clk 00:34:14]} {[%emt 00:03:56]} Rfc8 {[%clk 00:40:53]} {[%emt 00:01:37]} 20.
Rxc8+ {[%clk 00:28:18]} {[%emt 00:06:29]} Rxc8 {[%clk 00:40:01]} {[%emt
00:01:22]} 21. Qb2 {[%clk 00:23:36]} {[%emt 00:05:12]} Bc6 {[%clk 00:38:30]}
{[%emt 00:02:01]} 22. Ra1 {[%clk 00:21:37]} {[%emt 00:02:29]} Ra8 {[%clk
00:37:03]} {[%emt 00:01:57]} 23. Rxa8+ {[%clk 00:20:23]} {[%emt 00:01:44]} Bxa8
{[%clk 00:37:29]} {[%emt 00:00:04]} 24. Nd2 {[%clk 00:18:27]} {[%emt 00:02:26]}
Qb7 {[%clk 00:33:27]} {[%emt 00:04:33]} 25. Bf3 {[%clk 00:15:33]} {[%emt
00:03:23]} Nd7 {[%clk 00:31:11]} {[%emt 00:02:46]} 26. Bxg7 {[%clk 00:06:10]}
{[%emt 00:09:53]} Kxg7 {[%clk 00:31:36]} {[%emt 00:00:05]} 27. Ne4 {[%clk
00:05:26]} {[%emt 00:01:14]} Qb6 {[%clk 00:29:25]} {[%emt 00:02:40]} 28. Nc5
{[%clk 00:04:54]} {[%emt 00:01:03]} N7f6 {[%clk 00:27:40]} {[%emt 00:02:15]} 29.
Na4 {[%clk 00:02:20]} {[%emt 00:03:05]} Qa5 {[%clk 00:24:33]} {[%emt 00:03:36]}
30. Nc5 {[%clk 00:02:44]} {[%emt 00:00:06]} Qb6 {[%clk 00:23:38]} {[%emt
00:01:25]} 31. Na4 {[%clk 00:02:39]} {[%emt 00:00:35]} Qa5 {[%clk 00:16:30]}
{[%emt 00:07:38]} 32. Nc5 {[%emt 00:02:47]} 1/2-1/2